00790nam a2200217 a 450000100060000000300080000600500170001400800410003103500190007204000280009104100130011908200270013210000320015924502380019126000430042930000210047265000200049370000190051370000190053270000210055166530BD-RjUL20211209081542.0170318r19351920nyu 001 0 eng  a(BD-RjUL)66660 aDLCcNSyUdBD-RjULbeng1 agerheng a131.3462223bFRG 19351 aFreud, Sigmund,d1856-1939.12aA general introduction to psycho-analysis :ba course of twenty-eight lectures delivered at the University of Vienna /cAuthorized English translation of the rev. ed. by Joan Riviere, with a pref. by Ernest Jones and G. Stanley Hall. aNew York :bPerma Giants,c1920, c1935 a412 p. ;c21 cm. 0aPsychoanalysis. aRiviere, Joan  aJones, Ernest  aHall, G. Stanley